Catalog

Record Details

Catalog Search



Dear Evan Hansen / Val Emmich with Steven ... Read More

Emmich, Val,(author.).
Levenson, Steven, 1984-(author.). Pasek, Benj,(author.). ... Read More

Available copies

  • 1 of 2 copies available at LARL/NWRL Consortium. (Show)
  • 0 of 0 copies available at Northwest Regional Library.

Current holds

0 current holds with 2 total copies.

Show Only Available Copies
Location Call Number / Copy Notes Barcode Shelving Location Status Due Date

Record details

  • ISBN: 9780316420235
  • ISBN: 0316420239
  • ISBN: 0316529478
  • ISBN: 9780316529471
  • Physical Description: pages cm
  • Edition: First edition.
  • Publisher: New York ; Little, Brown and Company, 2018.

Content descriptions

General Note:
"Poppy."
Summary, etc.:
Evan goes from being a nobody to everyone's hero ... Read More
Subject: Popularity > Fiction.
High schools > Fiction.
Schools > Fiction.
Social media > Fiction.
Suicide > Fiction.
LDR 01652cam a22004818i 4500
001298091
003LARL_NWRL_CONSORTIUM
00520180919134920.0
008180621s2018 nyu d 000 1 eng
010 . ‡a 2018023821
040 . ‡aDLC ‡beng ‡erda ‡cDLC ‡dYDX ‡dOCLCO
020 . ‡a9780316420235 ‡q(hardcover)
020 . ‡a0316420239
020 . ‡z9780316420228 (ebook)
020 . ‡z9780316420464 (library edition ebook)
020 . ‡a0316529478
020 . ‡a9780316529471
035 . ‡a(OCoLC)1035447860
042 . ‡apcc ‡alcac
08200. ‡a[Fic] ‡223
1001 . ‡aEmmich, Val, ‡eauthor. ‡0(LARL_NWRL_CONSORTIUM)222175
24510. ‡aDear Evan Hansen / ‡cVal Emmich with Steven Levenson, Benj Pasek & Justin Paul.
250 . ‡aFirst edition.
264 1. ‡aNew York ; ‡aBoston : ‡bLittle, Brown and Company, ‡c2018.
300 . ‡apages cm
336 . ‡atext ‡btxt ‡2rdacontent
337 . ‡aunmediated ‡bn ‡2rdamedia
338 . ‡avolume ‡bnc ‡2rdacarrier
500 . ‡a"Poppy."
520 . ‡aEvan goes from being a nobody to everyone's hero and a social media superstar after a chance encounter with Connor just before his suicide leads others to believe Evan was his only friend.
650 1. ‡aPopularity ‡vFiction. ‡0(LARL_NWRL_CONSORTIUM)174437
650 1. ‡aHigh schools ‡vFiction. ‡0(LARL_NWRL_CONSORTIUM)169592
650 1. ‡aSchools ‡vFiction. ‡0(LARL_NWRL_CONSORTIUM)167222
650 1. ‡aSocial media ‡vFiction.
650 1. ‡aSuicide ‡vFiction. ‡0(LARL_NWRL_CONSORTIUM)167423
7001 . ‡aLevenson, Steven, ‡d1984- ‡eauthor.
7001 . ‡aPasek, Benj, ‡eauthor. ‡0(LARL_NWRL_CONSORTIUM)222922
7001 . ‡aPaul, Justin, ‡eauthor.
905 . ‡uvanderl
901 . ‡a298091 ‡b ‡c298091 ‡tbiblio ‡soclc

Additional Resources